000 00758nam a2200289Ia 4500
001 21997
003 IT-RoPAU
008 130308s9999 xx 000 0 und d
040 _aIT-RoPAU
040 _cIT-RoPAU
041 _aITALIANO
100 _aSobrero Alberto
100 _gCodice Aut. SPICS: 1160
245 _aAmbiente e produzione linguistica: cenni di sociolinguistica
245 _bMessaggi e Ambiente
250 _a1a ed.
260 _aROMA
260 _bOfficina
260 _c1977 [1° Ed.:1977 - Ed.Ling.Originale:1977]
300 _a"8 p. (prefazione: no ; testo: 8 [pagine: 61-68])"
650 _aSAGGI DI SOCIOLOGIA
650 _eCodice materia Spics: 3657
942 _cBK
957 _71
999 _c42763
_d42763
999 _bSI
999 _g1